LEADER 01150nas a2200253 i 4500 001 000000195549 003 CaOOAMICUS 005 20101217000000.0 008 090723b2009 it uu u0 0mul r 013 $a174226 020 $a978-88-7839-143-7 040 $aSeMil$bita 245 10$aDivine Covenant :$brainbow of religions and cultures /$c[Christopher Shelke, Editor]. 260 $aRoma :$bGBP, Gregorian & Biblical Press,$c2009. 300 $aXIV, 265 p. ;$c24 cm. 500 $aFormulazione di responsabilità da preliminari. 700 1 $aShelke, Christopher .$0(OLS)http://semarc/name/70958 773 0 $tStudia Missionalia.$dRomae : Apud Aedes Pontificiae Universitatis Gregorianae, 1943.$w()3397 850 $aSeMil 852 $aSeMil$W1$xVenegono$y1$m200 6 158$j146118$B146118$CSeMilBibl$Z2$F157617 $85 961 $aAbbonamento: Pontificia Università Gregoriana 996 $6020$a978-88-7839-143-7$9(OLS)http://semarc/number/187274 996 $6245$aDivine Covenant :$brainbow of religions and cultures$9(OLS)http://semarc/title/282166 996 $6260$aRoma :$bGBP, Gregorian & Biblical Press$9(OLS)http://semarc/publisher/33573 LEADER 01123nam a2200265 i 4500 001 000000339782 003 CaOOAMICUS 005 20200311101415.0 008 200311n2016 it u000 u ita u 013 $a225314 020 $a978-88-89667-44-6 040 $aSeMil$bita 100 1 $aZ?zioulas, I?ann?s,$c.$0(OLS)http://semarc/name/43316 245 10$aComunione e alterità /$cIoannis Zizioulas ; presentazione del card. Walter Kasper. 264 1$aRoma :$bLipa,$c2016. 300 $ax, 359 p. ;$c22 cm. 650 4$aTeologia ortodossa.$0(OLS)http://semarc/subject/2276 650 4$aCommunio - Teologia ortodossa.$0(OLS)http://semarc/subject/49091 830 0$aPubblicazioni del Centro Aletti.$0(OLS)http://semarc/title/9229 850 $aSeMil 852 $aSeMil$W1$xVenegono$y1$m2K IV 340$j220138$B232309$CSeMilBibl$Z2$F232309 $81 996 $6020$a978-88-89667-44-6$9(OLS)http://semarc/number/290124 996 $6245$aComunione e alterità$9(OLS)http://semarc/title/428715 996 $6264$aRoma :$bLipa$9(OLS)http://semarc/publisher/31573